000 01124nam a2200313Ia 4500
001 57248
003 CO-BoRNBP
005 20250606162624.0
007 ta
008 180109s9999 xx 000 0 und d
020 _a9786074004090 (México)\9788449442605 (España)
040 _aCO-BoRNBP
_bspa
_erda
_cCO-BoRNBP
041 _aspa
082 0 _a927.5946 P31j
100 1 _aJordá, María J.
_948711
245 1 0 _aDescubriendo el mágico mundo de Picasso /
_ctextos de María J. Jordá.
250 _aTercera edición
264 1 _a"Madrid :
_bOcéano Travesía;2014"
300 _a"34 páginas :
_bilustraciones ;
_c30 cm"
336 _atexto
_btxt
_2rdacontent
337 _asin mediación
_bn
_2rdamedia
338 _avolumen
_bnc
_2rdacarrier
490 0 _aDescubriendo el mágico mundo de
500 _aIncluye glosario y guía pedagógica para el educador.
600 1 4 _aPicasso, Pablo 1881-1973 - Trabajos Pictóricos \ Picasso, Pablo 1881-1973 - Crítica E Interpretación
_960101
650 0 4 _aPintura Español - Enseñanza
_2LEMB
_960102
650 0 0 _aPintores españoles
_2LEMB
_960103
942 _2ddc
_cBK
999 _c57248
_d57248